Quizzes
Events
Quiz Creation
Community
Videos
Private Events
Remove Ads
Sign In
Join for FREE
Feedback
Dark Mode
Quiz Categories
Sports
Geography
Music
Movies
Television
Just For Fun
Miscellaneous
History
Literature
Language
Science
Gaming
Entertainment
Religion
Holiday
For Kids
Quiz Lab
Recent
Popular Today
Quiz Kudos Today
Editor Picks
Curator Picks
Quizzes by...
Day
Popularity
Type
Ratings
Length
Year
Community
Subscriptions
Recent Discussions
Orange Saloon
Badges
Playlists
Quests
Create
Leaderboards
Showdown
Live 5
Trivia Bingo
Activity
Puzzle Library
Sporcle Events
Private Events
Virtual Trivia
Globe League
Become a Host
Pub Owners
SporcleCon
Opinionation
Our Games
Videos
Blog
Mobile Apps
Partnerships
Remove Ads and Go Orange
Feedback
Literature
Harry Potter
A Song of Ice and Fire
The Hunger Games
Literary Character
Shakespeare
Book
Author
Novel
Poem
Young Adult
Children's Books
Play
Lord of the Rings
Literature
Harry Potter
A Song of Ice and Fire
The Hunger Games
Literary Character
Shakespeare
Book
Author
Novel
Poem
Young Adult
Children's Books
Play
Lord of the Rings
Random Quiz
Search Sporcle
×
Curator Pick
Curator Pick
Literature
Children's Books
Select answers by clicking on text or image buttons
Select answers by clicking on text or image buttons
Clickable
Best Score? Go Orange.
BFG Giant Match Stats
Can you match the giants' names from Roald Dahl's 'The BFG'?
By
CatStarcatcher
4m
10 Questions
415 Plays
415 Plays
415 Plays
Comments
Comments
Give Quiz Kudos
Give Quiz Kudos
-
- Ratings
hide this ad
Replay
Link that replays current quiz
Next Quiz
Link to next quiz in quiz playlist
You Got
0%
They Got
Avg Score
72%
Avg Friend Score
Upgrade to see
Score Distribution
Jump to the score distribution portion of the page
Score
0/10
Timer
04:00
0
Plays Today
% Correct
Big Friendly
97.6%
Bone
89.2%
Blood
80.5%
Butcher
77.6%
Child
76.6%
Gizzard
71.8%
Maid
62.9%
Fleshlump
59.8%
Man
54.5%
Meat
50.8%
Quiz Playlist
Details
Report
Send in Message
Add To Playlist
Clickable:
Select answers by clicking on text or image buttons
Last Updated: May 1, 2017
Curator Pick in
Children's Books
Quiz Scoreboard
CHALLENGE
Sign Up to Join the Scoreboard
Show All
Scores
Hide
Comments
May contain spoilers
Recently Published
1-10 Letter E Words III
by El_Dandy
Language
2m
One Thing in Common: World Cities II
by knightlancer
Geography
7m
Popular People in 1961
by mucciniale
History
6m
More to Explore
Quiz From the Vault
Featured Blog Post
Where Did the Easter Bunny Come From?
hide this ad
You Might Also Like...
Tags
Children's Books Quiz
Clickable Quiz
bfg
Roald Dahl
Today's Top Quizzes in Literature
Browse Literature
hide this ad
Today's Top Quizzes in Children's Books
Browse Children's Books
Top Contributed Quizzes in Literature
1
Sneaky Slytherin Logic Puzzle
2
Get The Picture: Black or White Literature
3
One Thing in Common: Literature
4
Weasley Family Reunion: Logic Puzzle
5
Lily Potter Start to Finish
6
James Potter Start to Finish
7
ASOIAF Logic Puzzle [Difficult] [Read Note first!!]
8
One piece logic quiz 3 (Hard difficulty)
9
One Thing in Common: Books
10
Harry Potter and the Philosopher's Stone Logic Puzzle
Explore More
Trending Topics
Marvel
Kpop
NBA
Anime
Crossword
Disney
Harry Potter
The Office
Pokémon
NFL
Song
Puzzle
Soccer
Country
WWE
hide this ad
More By:
CatStarcatcher
Quiz
Plays
Rating
Category
Featured
Created
Finish the Disney Quote
162,538
4.46
Movies
Apr 2, 2012
Awesome Comebacks
122,463
4.34
Entertainment
Jun 18, 2012
Finish the Disney Quote II
104,554
4.52
Movies
Apr 7, 2012
Best Friends in TV
104,467
4.38
Television
Feb 25, 2015
The Fan-Tastic Quiz
88,000
4.24
Miscellaneous
Jul 30, 2013
Go to Creator's Profile
Score Distribution
Quiz Creator Spotlight
CatStarcatcher
Follow
Send a Message
Quizzes Created
-
Created Quiz Play Count
-
More By This Creator
Popular Quizzes Today
1
Find the US States - No Outlines Minefield
2
Find the Countries of Europe - No Outlines Minefield
3
The Countries of the World
4
Popular People in 1961
5
1-10 Letter E Words III
6
Find the US States
7
One Thing in Common: World Cities II
8
US States
More Literature Quizzes
Percy Jackson The Lightning Thief Characters by Mention
Quiz Lab
Trending Quizzes
Risky Map Clicking: Least Populous States A-Z
1-10 Letter F Words
1-10 Letter G Words
One Thing in Common: United Kingdom
Risky Map Clicking: Biggest States A-Z
Recently Updated
Leaping Animals
pecheneg
Reality TV Shows (A-Z)
bhenderson79
Rickey Henderson's Hall of Fame Teammates
pecheneg
Champions League XIs: Arsenal
pecheneg
Quick Pick: Celebrities in WWE's Hall of Fame
aduchscher
A-Z Keypad Blitz II
pecheneg
Multiple Oscar Actors
pecheneg
Mystery Phrase Blitz: Oscar 'Best Actors'
pecheneg
F. Scott Fitzgerald Novels
LTH
Pick 3 Villains
ddd62291
Trending Topics
Harry Potter
NBA
Anime
Kpop
Marvel
Disney
Crossword
WWE
Song
Soccer
Pokémon
NFL
The Office
Puzzle
Country
Your Account Isn't Verified!
In order to create a playlist on Sporcle, you need to verify the email address you used during registration. Go to your
Sporcle Settings
to finish the process.
Report this User
Report this user for behavior that violates our
Community Guidelines
.
Details:
Send Report
Go to the Sporcle.com Mobile Site →
Comments